000 00697nam a22002297a 4500
003 UA-OsUOA
001 45880
007 ta
008 20111213b un ||||| |||| 00| 0 ukr d
090 _a82-94
_bС73
942 _cBK
040 _aUA-OsUOA
_bukr
_cUA-OsUOA
_dUA-OsUOA
245 _aСпогади про Лесю Українку
_cупор. А.І. Костенко
300 _a482 с.
955 _a4
041 _aukr
080 _a82-94
260 _aК.
_bДніпро
_c1971
650 7 _a82 Література. Літературознавство
_2UDC
999 _c425983
_d425983